[Event "US op U18"]
[Site "Lindsborg"]
[Date "2004.07.23"]
[Round "1"]
[White "Martin, Michael"]
[Black "Culler, George Wesley"]
[Result "0-1"]
[WhiteElo "1441"]
[BlackElo "1930"]
[PlyCount "42"]
[EventDate "2004.07.??"]
[EventType "swiss"]
[EventRounds "6"]
[EventCountry "USA"]
[EventCategory "1"]
[SourceTitle "EXT 2006"]
[Source "ChessBase"]
[SourceDate "2005.11.24"]
[SourceVersion "1"]
[SourceVersionDate "2005.11.24"]
[SourceQuality "1"]

1. e4 c6 2. d4 d5 3. Nc3 dxe4 4. Nxe4 Nf6 5. Nxf6+ gxf6 6. Be2 h5 7. Bf4 h4 8. h3 Bf5 9. Nf3 e6 10. Bd3 Nd7 11. Bxf5 Qa5+ 12. c3 Qxf5 13. Qd2 0-0-0 14. 0-0-0 Nb6 15. Qd3 Qxf4+ 16. Rd2 e5 17. Re1 exd4 18. Re4 Qc7 19. Kb1 Bh6 20. Rde2 dxc3 21. Qxc3 Rd1+ 0-1